[Event "12th Arad Open 2019"]
[Site "Arad ROU"]
[Date "2019.07.24"]
[Round "1.29"]
[White "Gulias, Alin-Constantin"]
[Black "Patrascu, Catalin  Lucian"]
[Result "1-0"]
[WhiteElo "1788"]
[BlackElo "2292"]
[PlyCount "109"]
[EventDate "2019.07.24"]

1. d4 Nf6 2. c4 e6 3. Nc3 Bb4 4. Nf3 O-O 5. e3 d5 6. Bd2 c5 7. a3 Bxc3 8. Bxc3
Ne4 9. Qc2 Nxc3 10. Qxc3 cxd4 11. exd4 b6 12. Bd3 dxc4 13. Be4 Nc6 14. Bxc6 Rb8
15. Qxc4 b5 16. Qc5 Bb7 17. Bxb7 Rxb7 18. O-O a6 19. Rac1 Qa5 20. Ne5 Qd2 21.
Rc2 Qf4 22. g3 Qf5 23. Qc6 Ra7 24. Rfc1 h6 25. Qb6 Raa8 26. Rc3 Qe4 27. Re3 Qd5
28. Nc6 Qa2 29. Re2 Rfe8 30. Qc5 Qb3 31. Qc3 Qd5 32. Nb4 Qh5 33. Re5 Qh3 34.
Qf3 g6 35. Rc7 Rf8 36. Nc6 Kg7 37. d5 exd5 38. Ree7 Qf5 39. Qxf5 gxf5 40. Ne5
Kf6 41. f4 Rac8 42. Kf2 h5 43. Ke3 h4 44. Kd3 hxg3 45. hxg3 Rxc7 46. Rxc7 Rg8
47. Rxf7+ Ke6 48. Ra7 d4 49. Kxd4 Rxg3 50. Rxa6+ Ke7 51. b4 Rg2 52. Kc5 Kd8 53.
Kxb5 Kc7 54. Rf6 Rc2 55. Rc6+ 1-0

[Event "FISCA Open 2019"]
[Site "Jupiter ROU"]
[Date "2019.06.25"]
[Round "5.4"]
[White "Patrascu, Catalin  Lucian"]
[Black "Antonica, Dragos Andrei"]
[Result "1-0"]
[WhiteElo "2292"]
[BlackElo "2124"]
[PlyCount "81"]
[EventDate "2019.06.22"]

1. Nf3 Nf6 2. g3 d5 3. Bg2 Bg4 4. O-O e6 5. d3 Be7 6. Nbd2 O-O 7. Qe1 c5 8. Ne5
Bh5 9. e4 Qc7 10. f4 Nc6 11. Nxc6 Qxc6 12. h3 h6 13. g4 Bg6 14. f5 exf5 15.
gxf5 Bh7 16. e5 Ne8 17. Qg3 Kh8 18. Nc4 Qd7 19. Ne3 Bg5 20. Qg4 Nc7 21. h4
Bxe3+ 22. Bxe3 d4 23. Bd2 Nd5 24. Rae1 Ne7 25. e6 fxe6 26. fxe6 Qb5 27. Rf7
Rxf7 28. exf7 Nf5 29. Qh5 Nd6 30. Bxh6 Qd7 31. Bf4 Qxf7 32. Qxf7 Nxf7 33. Re7
Rf8 34. Rxb7 Nd8 35. Rb8 Ne6 36. Rxf8+ Nxf8 37. Bd6 Ne6 38. Bd5 Bf5 39. Kf2 Kh7
40. a4 a6 41. Bc4 1-0

[Event "FISCA Open 2019"]
[Site "Jupiter ROU"]
[Date "2019.06.27"]
[Round "6.2"]
[White "Tomici, Stefan"]
[Black "Patrascu, Catalin  Lucian"]
[Result "1/2-1/2"]
[WhiteElo "2329"]
[BlackElo "2292"]
[PlyCount "70"]
[EventDate "2019.06.22"]

1. Nf3 Nf6 2. c4 e6 3. g3 d5 4. Bg2 Be7 5. O-O O-O 6. b3 c5 7. Bb2 Nc6 8. e3 d4
9. exd4 cxd4 10. Qe2 Re8 11. d3 Bc5 12. Ne5 Nxe5 13. Qxe5 Nd7 14. Qe2 Nf6 15.
Nd2 e5 16. Ne4 Nxe4 17. Bxe4 a5 18. a3 Ra6 19. f4 f5 20. Bd5+ Be6 21. fxe5 Bxd5
22. cxd5 Qxd5 23. Rxf5 g6 24. Rf2 Rae6 25. Raf1 Rxe5 26. Qc2 b6 27. Bc1 Re1 28.
a4 Rxf1+ 29. Rxf1 Kg7 30. Bf4 h6 31. Qc4 Qxc4 32. bxc4 Re2 33. Rf2 Re1+ 34. Rf1
Re2 35. Rf2 Re1+ 1/2-1/2

[Event "FISCA Open 2019"]
[Site "Jupiter ROU"]
[Date "2019.06.27"]
[Round "7.2"]
[White "Patrascu, Catalin  Lucian"]
[Black "Grecescu, Gabriel Andrei"]
[Result "1-0"]
[WhiteElo "2292"]
[BlackElo "2390"]
[PlyCount "90"]
[EventDate "2019.06.22"]

1. Nf3 c5 2. g3 g6 3. Bg2 Bg7 4. O-O Nc6 5. c4 e6 6. Nc3 Nge7 7. e3 d5 8. cxd5
Nxd5 9. d4 O-O 10. dxc5 Nxc3 11. bxc3 Qa5 12. Qb3 Qxc5 13. Nd4 Na5 14. Qa3 Qb6
15. Be4 e5 16. Rb1 Qd8 17. Nb5 Bh3 18. Re1 f5 19. Bf3 e4 20. Rd1 Qb6 21. Rd6
Nc6 22. Be2 Kh8 23. c4 Bg4 24. Bxg4 fxg4 25. c5 Qa5 26. Qxa5 Nxa5 27. Nc7 Rac8
28. Ne6 Rf7 29. Rb4 Bf8 30. Rd5 Kg8 31. Rxe4 Re8 32. Ng5 Rfe7 33. Rxg4 Nc6 34.
Bb2 Ne5 35. Ra4 a6 36. Kg2 Nc6 37. Nf3 Rc7 38. Rc4 Rec8 39. Ng5 Ne7 40. Rd2
Rxc5 41. Rxc5 Rxc5 42. Ne6 Rd5 43. Rxd5 Nxd5 44. Nxf8 Kxf8 45. Kf3 Kf7 1-0

[Event "FISCA Open 2019"]
[Site "Jupiter ROU"]
[Date "2019.06.28"]
[Round "8.1"]
[White "Anton, Teodor"]
[Black "Patrascu, Catalin  Lucian"]
[Result "1/2-1/2"]
[WhiteElo "2442"]
[BlackElo "2292"]
[PlyCount "138"]
[EventDate "2019.06.22"]

1. d4 d6 2. e4 Nf6 3. Nc3 e5 4. Nf3 Nbd7 5. Bc4 Be7 6. a4 O-O 7. O-O c6 8. Re1
b6 9. h3 a6 10. Bb3 Rb8 11. Qe2 b5 12. axb5 axb5 13. d5 cxd5 14. Nxd5 Nxd5 15.
Bxd5 Nf6 16. Bb3 Bb7 17. Qd3 h6 18. Ra7 Qb6 19. Be3 Qc6 20. Nh4 Bd8 21. Nf5
Qxe4 22. Qxe4 Bxe4 23. Nxd6 Bd5 24. Bxd5 Nxd5 25. Bc5 Bb6 26. Bxb6 Rxb6 27. Nf5
Re8 28. Rd7 Nf6 29. Rd6 Rb7 30. Nxh6+ gxh6 31. Rxf6 Rc8 32. c3 Kg7 33. Rd6 b4
34. Re3 bxc3 35. bxc3 Rbc7 36. Rg3+ Kf8 37. Rxh6 Rxc3 38. Rxc3 Rxc3 39. Rh5
Rc1+ 40. Kh2 Re1 41. Rf5 Kg7 42. g4 Kg6 43. h4 f6 44. Kg2 Ra1 45. Rf3 Ra4 46.
Kg3 Ra6 47. h5+ Kg7 48. Rb3 Ra1 49. Rb7+ Kg8 50. f3 Ra3 51. Kf2 Rc3 52. Ke2 Ra3
53. Rd7 e4 54. fxe4 Rg3 55. Rd6 Rxg4 56. Kf3 Rg1 57. Kf4 Kf7 58. Rd7+ Ke6 59.
Rh7 Rf1+ 60. Kg3 f5 61. Rh6+ Ke5 62. Kg2 Rf4 63. exf5 Kxf5 64. Rh8 Kg5 65. Kg3
Rg4+ 66. Kf3 Rf4+ 67. Ke3 Rh4 68. h6 Rxh6 69. Rxh6 Kxh6 1/2-1/2

[Event "FISCA Open"]
[Site "?"]
[Date "2019.06.29"]
[Round "?"]
[White "Patrascu, Catalin  Lucian"]
[Black "Isfan, Ioan-Marius"]
[Result "1-0"]
[WhiteElo "2292"]
[BlackElo "2164"]
[PlyCount "93"]
[EventDate "2019.??.??"]

1. c4 b6 2. Nf3 Bb7 3. Nc3 Nf6 4. e3 e6 5. b3 Be7 6. Bb2 O-O 7. Be2 d5 8. O-O
Nbd7 9. d4 c5 10. Rc1 Ne4 11. cxd5 Nxc3 12. Bxc3 Bxd5 13. Qc2 Nf6 14. Rfd1 Rc8
15. dxc5 Rxc5 16. Qb2 Qa8 17. Bd4 Rxc1 18. Rxc1 Rc8 19. Ne5 Rxc1+ 20. Qxc1 Bxg2
21. f3 Bh3 22. Qc7 Nd5 23. Qd7 Qd8 24. Qxd8+ Bxd8 25. Nc6 Bg5 26. Kf2 Bh4+ 27.
Kg1 Bf6 28. Bxf6 gxf6 29. Nxa7 Nxe3 30. Nc8 Nd5 31. Bc4 e5 32. Nd6 Be6 33. Bxd5
Bxd5 34. Nc8 Bxf3 35. Nxb6 Kf8 36. Kf2 Bb7 37. a4 Ke7 38. b4 Kd6 39. Nc4+ Kd5
40. Ne3+ Ke4 41. b5 f5 42. a5 f4 43. Nc4 Kd4 44. a6 Bc8 45. Nd6 e4 46. Nxc8 e3+
47. Ke1 1-0

[Event "TCh-ROU Superliga 2018"]
[Site "Sovata ROU"]
[Date "2018.11.24"]
[Round "1.4"]
[White "Patrascu, Catalin  Lucian"]
[Black "Murariu, Andrei"]
[Result "0-1"]
[WhiteElo "2268"]
[BlackElo "2511"]
[PlyCount "50"]
[EventDate "2018.11.24"]
[WhiteTeam "ACS Pheonix Buzau"]
[BlackTeam "Clubul de Sah al Municipiului Baia Mare"]

1. Nf3 d5 2. g3 Nf6 3. Bg2 c6 4. O-O Bf5 5. d3 h6 6. c4 dxc4 7. e4 Bg4 8. e5
Nfd7 9. dxc4 Bxf3 10. Qxf3 Nxe5 11. Qe2 Ned7 12. Rd1 e6 13. Nc3 Be7 14. Bf4 Qb6
15. Rd2 O-O 16. Rad1 Nf6 17. Be5 Na6 18. Ne4 Nxe4 19. Bxe4 Rfd8 20. Rd7 Qc5 21.
Bb1 Kf8 22. Qe4 g6 23. Qf4 Ke8 24. R7d2 Rxd2 25. Qxd2 Qxe5 0-1

[Event "TCh-ROU Superliga 2018"]
[Site "Sovata ROU"]
[Date "2018.11.26"]
[Round "3.3"]
[White "Patrascu, Catalin  Lucian"]
[Black "Vrencian , Lehel"]
[Result "1/2-1/2"]
[WhiteElo "2268"]
[BlackElo "2321"]
[PlyCount "96"]
[EventDate "2018.11.24"]
[WhiteTeam "ACS Pheonix Buzau"]
[BlackTeam "CS Otopeni"]

1. c4 e5 2. Nc3 Bb4 3. g3 Nf6 4. Bg2 O-O 5. Nf3 Re8 6. O-O c6 7. d3 h6 8. e4
Bxc3 9. bxc3 d5 10. cxd5 cxd5 11. exd5 Nxd5 12. Bb2 Nc6 13. Re1 Bg4 14. Qa4 Bf5
15. Rad1 Nb6 16. Qb5 Bd7 17. Qb3 Qf6 18. Nd2 Bg4 19. Ne4 Qg6 20. Rd2 Rad8 21.
Ba3 Bc8 22. Bc5 Nd7 23. Ba3 Nf8 24. Nc5 b6 25. Qa4 Na5 26. Rde2 bxc5 27. Qxa5
Qxd3 28. Re3 Qc2 29. Qxc5 Qxa2 30. Bb4 Nd7 31. Qc7 Nf6 32. Rxe5 Be6 33. h3 Rd2
34. Ra5 Qc2 35. Qxa7 Red8 36. Qe3 Nd5 37. Bxd5 R2xd5 38. Rxd5 Rxd5 39. Bc5 Bxh3
40. Qe8+ Kh7 41. Bd4 Be6 42. Bxg7 Kxg7 43. Rxe6 fxe6 44. Qe7+ Kh8 45. Qf6+ Kh7
46. Qf7+ Kh8 47. Qf6+ Kh7 48. Qe7+ Kh8 1/2-1/2

[Event "TCh-ROU Superliga 2018"]
[Site "Sovata ROU"]
[Date "2018.11.27"]
[Round "4.4"]
[White "Cioara, Andrei Nestor"]
[Black "Patrascu, Catalin  Lucian"]
[Result "1-0"]
[WhiteElo "2427"]
[BlackElo "2268"]
[PlyCount "79"]
[EventDate "2018.11.24"]
[WhiteTeam "CSU Ploiesti"]
[BlackTeam "ACS Pheonix Buzau"]

1. e4 c5 2. Nf3 Nc6 3. d4 cxd4 4. Nxd4 g6 5. Nc3 Bg7 6. Nde2 Nf6 7. g3 O-O 8.
Bg2 d6 9. O-O Bd7 10. h3 Rc8 11. a4 a6 12. Nd5 Ne5 13. Ra2 Re8 14. b3 Bc6 15.
Be3 Ned7 16. c4 Nc5 17. b4 Ncxe4 18. Nb6 Rb8 19. f3 Bh6 20. Qd3 Ng5 21. b5 axb5
22. axb5 Bd7 23. Nxd7 Nxd7 24. Qd2 Ne5 25. Bxg5 Qb6+ 26. Kh2 Nxc4 27. Qc1 Bxg5
28. Qxg5 Rbc8 29. Nc3 Ne3 30. Rc1 Qd4 31. Ne2 Qb6 32. Rxc8 Rxc8 33. Qxe7 Nxg2
34. Kxg2 Qxb5 35. Qxd6 Re8 36. Qd2 Qe5 37. Rb2 b5 38. Qd4 Qf5 39. Nc3 Re1 40.
Ne4 1-0

[Event "TCh-ROU Superliga 2018"]
[Site "Sovata ROU"]
[Date "2018.11.28"]
[Round "5.2"]
[White "Patrascu, Catalin  Lucian"]
[Black "Vajda, Levente"]
[Result "1-0"]
[WhiteElo "2268"]
[BlackElo "2547"]
[PlyCount "107"]
[EventDate "2018.11.24"]
[WhiteTeam "ACS Pheonix Buzau"]
[BlackTeam "CSU Universitatea de Vest Timisoara"]

1. e4 e5 2. Nf3 Nc6 3. Bb5 a6 4. Ba4 Nf6 5. O-O Be7 6. d3 b5 7. Bb3 d6 8. a3
O-O 9. Nc3 Bg4 10. Be3 Qd7 11. h3 Bh5 12. Nd5 Kh8 13. a4 Rae8 14. c3 Bd8 15.
axb5 axb5 16. Nxf6 Bxf6 17. g4 Bg6 18. Qe2 Nd8 19. Ra7 Qc8 20. Rfa1 Ne6 21.
R1a6 c6 22. Qd1 h6 23. Qa1 Nc5 24. Bxc5 dxc5 25. Qa2 c4 26. dxc4 b4 27. c5 bxc3
28. bxc3 Bxe4 29. Nd2 Bg6 30. Nc4 Bd3 31. Nd6 Bxa6 32. Nxc8 Bxc8 33. Rxf7 e4
34. Rxf8+ Rxf8 35. Be6 Bxe6 36. Qxe6 Bh4 37. Qxc6 Bxf2+ 38. Kg2 e3 39. Qe6 e2
40. Qxe2 Bxc5 41. Qe5 Rc8 42. Qf5 Rc7 43. c4 Ba7 44. Qf8+ Kh7 45. Qd6 Rb7 46.
c5 Rb2+ 47. Kf1 Rb1+ 48. Ke2 Rc1 49. c6 Bb6 50. Kd2 Rh1 51. Qd3+ Kh8 52. Qf3
Rh2+ 53. Kd3 Bc7 54. Qf8+ 1-0

[Event "TCh-ROU Superliga 2018"]
[Site "Sovata ROU"]
[Date "2018.11.29"]
[Round "6.5"]
[White "Iordachescu, Viorel"]
[Black "Patrascu, Catalin  Lucian"]
[Result "1-0"]
[WhiteElo "2597"]
[BlackElo "2268"]
[PlyCount "75"]
[EventDate "2018.11.24"]
[WhiteTeam "CS Politehnica AQUA CARPATICA Iasi"]
[BlackTeam "ACS Pheonix Buzau"]

1. e4 e5 2. Nf3 Nc6 3. Bb5 a6 4. Ba4 d6 5. c3 Bd7 6. d4 g6 7. Bg5 f6 8. Be3 Nh6
9. b4 Bg7 10. Bb3 Qe7 11. O-O Nf7 12. Nbd2 O-O 13. Re1 Kh8 14. a4 Rae8 15. b5
axb5 16. axb5 Ncd8 17. b6 c6 18. Ra7 Bc8 19. dxe5 dxe5 20. Nc4 f5 21. Ra5 fxe4
22. Nfd2 Qh4 23. Bc2 Bf5 24. g3 Qh3 25. Bxe4 Bxe4 26. Nxe4 Ne6 27. f3 Rd8 28.
Qe2 Rd5 29. Ra7 Nfd8 30. Ncd6 Qh5 31. Rf1 Nd4 32. cxd4 exd4 33. Bf4 d3 34. Qd2
Bd4+ 35. Be3 Rxd6 36. Nxd6 Qc5 37. Qb2 Ne6 38. Ne4 1-0

[Event "TCh-ROU Superliga 2018"]
[Site "Sovata ROU"]
[Date "2018.11.30"]
[Round "7.1"]
[White "Patrascu, Catalin  Lucian"]
[Black "Baltag, Iulian"]
[Result "1-0"]
[WhiteElo "2268"]
[BlackElo "2414"]
[PlyCount "136"]
[EventDate "2018.11.24"]
[WhiteTeam "ACS Pheonix Buzau"]
[BlackTeam "ACS Sah Club Vados Arad"]

1. e4 c5 2. Nf3 Nc6 3. Bb5 e6 4. O-O Nge7 5. Re1 a6 6. Bf1 g6 7. d3 Bg7 8. Nbd2
d6 9. c3 O-O 10. g3 e5 11. a3 h6 12. b4 Be6 13. Bg2 Rc8 14. Rb1 b5 15. Nf1 cxb4
16. axb4 d5 17. N1d2 d4 18. cxd4 exd4 19. Nf1 a5 20. bxa5 Qxa5 21. Bf4 Rfd8 22.
h4 b4 23. N1d2 Qb5 24. Nb3 Kh7 25. Qd2 Ra8 26. Rec1 Ra3 27. Qd1 Qa4 28. Nfd2
Qb5 29. Nc4 Ra2 30. Nd6 Qb6 31. Nc4 Qa7 32. Qe1 f6 33. Bd2 Bxc4 34. dxc4 Ne5
35. Qf1 N7c6 36. c5 Qa3 37. h5 gxh5 38. Qd1 d3 39. Qxh5 Rb2 40. Rxb2 Qxb2 41.
Qd1 Kh8 42. Bh3 Nf7 43. Be6 Ng5 44. Bd5 Rc8 45. f4 Nxe4 46. Bxe4 Nd4 47. Rb1
Ne2+ 48. Kh2 Qa2 49. Ra1 Qb2 50. Qb1 f5 51. Qxb2 Bxb2 52. Ra8 Rxa8 53. Bxa8 Nc3
54. Bf3 Ba3 55. c6 Nb5 56. Bd5 Kg7 57. Bc4 Nc7 58. Bxd3 Kf6 59. Be2 Ke6 60. Bf3
Kd6 61. Nd4 Kc5 62. Nxf5 b3 63. Nxh6 Kd4 64. Bd1 Kd3 65. Ba5 b2 66. Bh5 Bd6 67.
Bg6+ Kc4 68. Nf7 Kd5 1-0

[Event "TCh-ROU Superliga 2018"]
[Site "Sovata ROU"]
[Date "2018.12.01"]
[Round "8.5"]
[White "Patrascu, Catalin  Lucian"]
[Black "Ardelean, George Catalin"]
[Result "1/2-1/2"]
[WhiteElo "2268"]
[BlackElo "2494"]
[PlyCount "97"]
[EventDate "2018.11.24"]
[WhiteTeam "ACS Pheonix Buzau"]
[BlackTeam "Sah Club Galati"]

1. d4 d5 2. c4 dxc4 3. e3 e5 4. Bxc4 exd4 5. exd4 Bd6 6. Nf3 Nf6 7. O-O O-O 8.
Bg5 h6 9. Bh4 c6 10. Nc3 Nbd7 11. Bb3 Nb6 12. Ne5 Be6 13. Bxe6 fxe6 14. Qb3 Qe8
15. Bxf6 gxf6 16. Nc4 Nxc4 17. Qxc4 f5 18. Rfe1 Rf6 19. Re3 Qd7 20. Rae1 Kf7
21. Nb1 Rd8 22. Rb3 b5 23. Qe2 Bc7 24. Rd1 Rg6 25. Rbd3 Rg4 26. g3 a6 27. b3
Qd6 28. Qe3 Kg7 29. Nc3 Bb6 30. Ne2 Re4 31. Qf3 b4 32. Nf4 Kh7 33. Ne2 Qd5 34.
Nf4 Qd7 35. Ne2 Qg7 36. Kf1 Rd6 37. Qh5 Rg4 38. Qe8 Qc7 39. Nf4 Rg8 40. Qh5 Qd7
41. Qe2 Bxd4 42. Nxe6 c5 43. Nxd4 cxd4 44. Qe5 Rd8 45. Kg1 Rd5 46. Qf6 Rd6 47.
Qe5 Rd5 48. Qf6 Rd6 49. Qe5 1/2-1/2

[Event "TCh-ROU Superliga 2018"]
[Site "Sovata ROU"]
[Date "2018.12.02"]
[Round "9.2"]
[White "Marin , Mihail"]
[Black "Patrascu, Catalin  Lucian"]
[Result "1-0"]
[WhiteElo "2555"]
[BlackElo "2268"]
[PlyCount "69"]
[EventDate "2018.11.24"]
[WhiteTeam "CS Studentesc Medicina Timisoara"]
[BlackTeam "ACS Pheonix Buzau"]

1. c4 e6 2. g3 Nf6 3. Bg2 d5 4. Nf3 Be7 5. O-O O-O 6. b3 b6 7. Bb2 Bb7 8. e3 c5
9. Nc3 Qc8 10. Qe2 Rd8 11. d3 Nc6 12. Ne1 d4 13. Nd1 a6 14. e4 b5 15. f4 Rb8
16. Bc1 bxc4 17. bxc4 Re8 18. Nf3 Nd7 19. Nf2 Nb6 20. Qd1 Nd8 21. g4 Bc6 22.
Ne5 Ba4 23. Qe1 Nc6 24. Nxc6 Bxc6 25. g5 f5 26. gxf6 gxf6 27. Ng4 Kh8 28. Qh4
Rg8 29. f5 exf5 30. Rxf5 Bd7 31. Rh5 Rg7 32. Nxf6 Bxf6 33. Qxf6 Qc6 34. Qxc6
Bxc6 35. Bf4 1-0

[Event "Romgaz Blitz Open 2018"]
[Site "Bucharest ROU"]
[Date "2018.11.21"]
[Round "6.3"]
[White "Patrascu, Catalin  Lucian"]
[Black "Cosma, Elena Luminita"]
[Result "1-0"]
[WhiteElo "2268"]
[BlackElo "2338"]
[PlyCount "65"]
[EventDate "2018.11.21"]

1. e4 e6 2. d4 d5 3. Bd3 dxe4 4. Bxe4 Nf6 5. Bf3 c5 6. Ne2 Nc6 7. Be3 Nd5 8.
Bxd5 Qxd5 9. Nbc3 Qxg2 10. Rg1 Qxh2 11. Nb5 Bd6 12. dxc5 Be5 13. Qd3 Nb4 14.
Qe4 f5 15. Qxb4 O-O 16. O-O-O Qh5 17. Nf4 Qf7 18. Nd6 Qf6 19. Kb1 a5 20. Qc4
Kh8 21. c3 Bd7 22. Nh5 Qd8 23. f4 Bf6 24. Nxf6 gxf6 25. Rh1 Bc6 26. Rh6 Qe7 27.
Qe2 Rg8 28. Qh2 Rg7 29. Bd4 Rf8 30. Re1 Qd7 31. Qh4 Rg6 32. Rxg6 e5 33. fxe5
1-0

[Event "Romgaz Blitz Open 2018"]
[Site "Bucharest ROU"]
[Date "2018.11.21"]
[Round "7.2"]
[White "Tomescu, Vlad"]
[Black "Patrascu, Catalin  Lucian"]
[Result "0-1"]
[WhiteElo "2335"]
[BlackElo "2268"]
[PlyCount "93"]
[EventDate "2018.11.21"]

1. d4 Nf6 2. c4 e6 3. Nc3 Bb4 4. f3 c5 5. d5 O-O 6. e4 d6 7. Nge2 a6 8. a3 Ba5
9. Bd2 b5 10. cxb5 axb5 11. dxe6 Bxe6 12. Nxb5 Nc6 13. Nec3 d5 14. exd5 Nxd5
15. Nxd5 Bxd5 16. Be2 Qh4+ 17. g3 Qe7 18. Bxa5 Bxf3 19. Kf2 Bxh1 20. Bc7 Be4
21. Qd6 Qxd6 22. Bxd6 Rfd8 23. Bxc5 Ne5 24. Ke3 Bd3 25. Nd6 Bxe2 26. Kxe2 Nd7
27. Bb4 Ra6 28. Kf2 Ne5 29. Kg2 Rdxd6 30. Bxd6 Rxd6 31. b4 Nc4 32. a4 Kf8 33.
a5 Ra6 34. Rc1 Nd6 35. Rc7 h5 36. Kf3 g5 37. h4 gxh4 38. gxh4 Ke8 39. Kf4 Kd8
40. Rc5 Ra8 41. Rxh5 Kd7 42. Rd5 Rb8 43. Ke5 Rb5 44. Rxb5 Nxb5 45. h5 Ke7 46.
a6 f6+ 47. Ke4 0-1

[Event "Romgaz Blitz Open 2018"]
[Site "Bucharest ROU"]
[Date "2018.11.21"]
[Round "8.1"]
[White "Patrascu, Catalin  Lucian"]
[Black "Istratescu, Andrei"]
[Result "0-1"]
[WhiteElo "2268"]
[BlackElo "2565"]
[PlyCount "65"]
[EventDate "2018.11.21"]

1. e4 c6 2. d4 d5 3. Nc3 dxe4 4. Nxe4 Bf5 5. Ng3 Bg6 6. Nf3 Nd7 7. h4 h6 8. h5
Bh7 9. Bd3 Bxd3 10. Qxd3 e6 11. Bd2 Ngf6 12. O-O-O Be7 13. Kb1 O-O 14. Ne4 Nxe4
15. Qxe4 Nf6 16. Qe2 Qd5 17. c4 Qe4+ 18. Qxe4 Nxe4 19. Be3 Rfd8 20. Ne1 Bg5 21.
f4 Be7 22. Nc2 f5 23. g4 fxg4 24. Rhg1 Nf6 25. Rh1 b5 26. cxb5 cxb5 27. Bc1 Rd7
28. Ne3 Rad8 29. f5 Rxd4 30. Rxd4 Rxd4 31. fxe6 Re4 32. Rg1 Bc5 33. Rg3 0-1

[Event "Romgaz Blitz Open 2018"]
[Site "Bucharest ROU"]
[Date "2018.11.21"]
[Round "9.4"]
[White "Nanu, Ciprian-Costica"]
[Black "Patrascu, Catalin  Lucian"]
[Result "0-1"]
[WhiteElo "2505"]
[BlackElo "2268"]
[PlyCount "44"]
[EventDate "2018.11.21"]

1. d4 Nf6 2. Nf3 e6 3. c4 b6 4. Nc3 Ba6 5. e4 d5 6. e5 Ne4 7. cxd5 Nxc3 8. bxc3
Bxf1 9. Kxf1 Qxd5 10. Qb3 Nc6 11. c4 Qe4 12. d5 Nxe5 13. Nxe5 Qxe5 14. Qb5+ Kd8
15. Bb2 Qe4 16. Re1 Qd3+ 17. Kg1 Bc5 18. dxe6 fxe6 19. Qc6 Rf8 20. Qxa8+ Ke7
21. Qxf8+ Kxf8 22. h4 Qd2 0-1

[Event "Romgaz Blitz Open 2018"]
[Site "Bucharest ROU"]
[Date "2018.11.21"]
[Round "10.2"]
[White "Patrascu, Catalin  Lucian"]
[Black "Marin , Mihail"]
[Result "0-1"]
[WhiteElo "2268"]
[BlackElo "2555"]
[PlyCount "41"]
[EventDate "2018.11.21"]

1. e4 e6 2. d4 d5 3. Bd3 c5 4. exd5 exd5 5. Nf3 Nf6 6. O-O Nc6 7. Re1+ Be7 8.
dxc5 O-O 9. Nbd2 Bxc5 10. Nb3 Bb6 11. h3 Ne4 12. Be3 Bf5 13. Nfd4 Bg6 14. Bf1
Re8 15. c4 Nxd4 16. Nxd4 dxc4 17. Bxc4 Qf6 18. Nf3 Bxe3 19. Rxe3 Qxb2 20. Re2
Qf6 21. Rb1 0-1

[Event "11th Arad Open 2018"]
[Site "Arad ROU"]
[Date "2018.08.09"]
[Round "6.15"]
[White "Sanduleac, Vasile"]
[Black "Patrascu, Catalin  Lucian"]
[Result "1-0"]
[WhiteElo "2420"]
[BlackElo "2286"]
[PlyCount "109"]
[EventDate "2018.08.05"]

1. e4 c5 2. Nf3 e6 3. c3 Nf6 4. e5 Nd5 5. g3 d6 6. Bg2 Nc6 7. exd6 Bxd6 8. O-O
O-O 9. d4 cxd4 10. Nxd4 Bd7 11. Nf5 Be5 12. Ne3 Nxe3 13. Bxe3 Na5 14. Qe2 Qc7
15. Nd2 Bc6 16. Bxc6 Nxc6 17. Nc4 Rfd8 18. Rfd1 b5 19. Nxe5 Qxe5 20. Qf3 Qc7
21. Bf4 Qb6 22. Qe4 h6 23. Be3 Qc7 24. Qg4 Kh7 25. Qh5 a6 26. Qc5 Rac8 27. Qb6
Qxb6 28. Bxb6 Rxd1+ 29. Rxd1 Ne5 30. Be3 Nc4 31. Bc1 Kg6 32. Kf1 Kf6 33. Rd7
Rc6 34. Ke2 Nb6 35. Ra7 Nd5 36. Bd2 e5 37. f3 Ke6 38. Ra8 Ne7 39. Be3 Nc8 40.
Rb8 Kd7 41. Rb7+ Ke6 42. g4 Nd6 43. Rb8 Nc4 44. Bc1 Nd6 45. Rg8 Kf6 46. Rb8 Ke6
47. h4 h5 48. gxh5 Rc4 49. Rb6 Rxh4 50. Rxa6 Rxh5 51. b3 Kd5 52. Ba3 Rh6 53.
Rb6 e4 54. Rxd6+ Rxd6 55. fxe4+ 1-0

[Event "11th Arad Open 2018"]
[Site "Arad ROU"]
[Date "2018.08.12"]
[Round "9.39"]
[White "Patrascu, Catalin  Lucian"]
[Black "Miloi, Pavel-Dan"]
[Result "1/2-1/2"]
[WhiteElo "2286"]
[BlackElo "2047"]
[PlyCount "24"]
[EventDate "2018.08.05"]

1. e4 c5 2. Nf3 e6 3. b3 a6 4. Bd3 d6 5. O-O Nc6 6. Re1 e5 7. c3 Be7 8. h3 Nf6
9. Bf1 O-O 10. d4 b5 11. a4 b4 12. cxb4 cxd4 1/2-1/2

[Event "TCh-ROU Superliga 2017"]
[Site "Baile Govora ROU"]
[Date "2017.11.11"]
[Round "1.2"]
[White "Miron, Lucian Costin"]
[Black "Patrascu, Catalin  Lucian"]
[Result "1-0"]
[WhiteElo "2480"]
[BlackElo "2280"]
[PlyCount "218"]
[EventDate "2017.11.11"]
[EventType "team"]
[WhiteTeam "C.S. Universitar Ploiesti"]
[BlackTeam "ACS Phoenix Buzau"]

1. d4 Nf6 2. c4 e6 3. Nc3 Bb4 4. Qc2 O-O 5. Nf3 d5 6. cxd5 exd5 7. Bf4 c5 8.
dxc5 Ne4 9. e3 Nd7 10. Be2 Ndxc5 11. O-O Bf5 12. Nxe4 Bxe4 13. Qd1 Ne6 14. Be5
Rc8 15. Qa4 Qb6 16. Rfc1 a6 17. Qb3 Rfe8 18. Bc3 Bc5 19. Qxb6 Bxb6 20. Rd1 d4
21. Nxd4 Bxd4 22. exd4 Bxg2 23. d5 Nf4 24. Bg4 Bxd5 25. Bxc8 Rxc8 26. Be5 Nh3+
27. Kf1 Bc6 28. Bc7 Re8 29. Rd8 Rxd8 30. Bxd8 Nf4 31. Bc7 Ne6 32. Bb8 f6 33.
Ke2 Kf7 34. Kd3 Nc5+ 35. Kd4 Ne6+ 36. Kc4 Bb5+ 37. Kd5 Ke7 38. Re1 Bc6+ 39. Kc4
Kd7 40. Rd1+ Ke7 41. Bd6+ Kf7 42. Re1 g5 43. Kd3 h5 44. Ke3 Ng7 45. Bb8 Nf5+
46. Kd3 h4 47. Kc4 Ng7 48. b3 Ne6 49. Bd6 g4 50. Kd3 Ng5 51. Ke3 Ke6 52. Bc7
Kf5 53. Rc1 Ne6 54. Bd6 Ng5 55. Rc5+ Ke6 56. Bc7 Nf3 57. Rh5 h3 58. Bg3 f5 59.
Rh6+ Kf7 60. Kf4 Be4 61. Ke3 Ke7 62. Bf4 Kf7 63. Bg3 Ke7 64. Kf4 Kf7 65. Rb6
Ke7 66. Ke3 Kf7 67. Rd6 Ke7 68. Rh6 Kf7 69. Rb6 Ke7 70. Kf4 Kf7 71. Rb4 Kf6 72.
Rxe4 fxe4 73. Kxg4 Nd4 74. Kxh3 Kf5 75. Kg2 Ne2 76. a4 Nd4 77. b4 Nc2 78. Bd6
b6 79. Kg3 Ke6 80. Bc7 Nxb4 81. Bxb6 Nd5 82. Ba5 Kf5 83. Bd2 Nf6 84. a5 Ng4 85.
Bc3 Nh6 86. Bd4 Nf7 87. Be3 Ne5 88. Bd4 Nc4 89. Bc3 Nd6 90. Bb4 Nf7 91. Bc5 Ng5
92. Be3 Ne6 93. Kh4 Nf4 94. h3 Nd5 95. Kg3 Nf6 96. Kg2 Nd5 97. Kg1 Nf6 98. Kf1
Nd5 99. Ke2 Nf6 100. Kd2 Ke5 101. Bg5 Nh5 102. Ke3 Ng7 103. Bf4+ Kd5 104. Bc7
Nh5 105. h4 Nf6 106. Kf4 Ke6 107. Be5 Nd7 108. Bc7 Nc5 109. Bb6 Kd5 1-0

[Event "TCh-ROU Superliga 2017"]
[Site "Baile Govora ROU"]
[Date "2017.11.12"]
[Round "2.5"]
[White "Patrascu, Catalin  Lucian"]
[Black "Shirov, Alexei"]
[Result "0-1"]
[WhiteElo "2280"]
[BlackElo "2640"]
[PlyCount "108"]
[EventDate "2017.11.11"]
[EventType "team"]
[WhiteTeam "ACS Phoenix Buzau"]
[BlackTeam "Clubul de Sah al Mun. Baia Mare"]

1. e4 c5 2. Nf3 Nc6 3. Bb5 g6 4. Bxc6 dxc6 5. d3 Bg7 6. h3 Nf6 7. Nc3 O-O 8.
Be3 b6 9. Qd2 e5 10. O-O-O Qd6 11. Bh6 b5 12. Nh2 b4 13. Ne2 c4 14. Bxg7 Kxg7
15. Ng4 Ng8 16. dxc4 Qc5 17. Ng3 f6 18. Ne3 Re8 19. h4 h5 20. Kb1 Nh6 21. Qe2
Ng4 22. Ngf1 Be6 23. Nxg4 Bxg4 24. f3 Be6 25. Ne3 f5 26. exf5 gxf5 27. g4 f4
28. Nf5+ Bxf5 29. gxf5 Kf6 30. Rhg1 Rg8 31. Rg5 Rad8 32. Rxd8 Rxd8 33. Rg6+ Kf7
34. b3 Qe3 35. Rg2 Kf6 36. Qxe3 fxe3 37. Re2 Rd4 38. Rxe3 Rxh4 39. c3 bxc3 40.
Rxc3 Rf4 41. Kc2 h4 42. Kd2 h3 43. Ke3 Kg5 44. Rc1 Kh4 45. Kf2 Rxf5 46. Re1 Rg5
47. f4 exf4 48. Re7 h2 49. Rh7+ Rh5 50. Rxh5+ Kxh5 51. Kg2 Kg4 52. Kxh2 Kf3 53.
b4 Ke2 54. b5 c5 0-1